| 000 | 01074nam a22003137a 4500 | ||
|---|---|---|---|
| 005 | 20110228111345.0 | ||
| 008 | 110228t xxu||||| |||| 00| 0 eng d | ||
| 010 | _aENG-102047 | ||
| 020 |
_a9780071070607 _c595.00 |
||
| 020 |
_a0071070605 _c595.00 |
||
| 035 | _aEN-85580 | ||
| 037 | _bDBAD/PUB | ||
| 040 |
_adpl _bEng |
||
| 082 | _a005.745 | ||
| 100 |
_912973 _aAdamson, Christopher _d1967- |
||
| 245 |
_aThe complete reference star schema / _cby Christopher Adamson |
||
| 246 | _aStar schema | ||
| 260 |
_aNew Delhi _bTata McGraw-Hill _c2010 |
||
| 270 |
_a7, West Patel Nagar _bNew Delhi _e110008 |
||
| 300 |
_axxvi, 486 p. : _c23 cm (pbk) _bill. |
||
| 500 | _aIncludes bibliographical references and index. | ||
| 650 |
_926034 _aData warehousing. |
||
| 650 |
_926038 _aRelational databases |
||
| 650 | _926072 | ||
| 650 | _926073 | ||
| 700 | _926035 | ||
| 942 |
_2ddc _cEN _mADA _h005.745 |
||
| 999 |
_c50788 _d50788 |
||